=LDR 00000nam 2200000 4500 =001 NUTBA000000000005422 =005 20141029152845.0 =006 =007 =008 =020 ##$$a 978-979-050-263-5 =035 ##$$a 0010-101400000000652 =040 ##$$a NBPDMAT =082 ##$$a R.912.598 12 =090 ##$$a R.912.598 12 $b Mah a =100 ##$$a Mahyuzar =245 ##$$a Atlas Tematik untuk Pelajar dan Umum Provinsi Sumatera Utara/ $c Mahyuzar; Editor Sunardi =250 ##$$a Cet.1 =260 ##$$a Jakarta : $b Bina Sumber Daya MIPA, $c 2011 =300 ##$$a vi, 102 hlm. : $b ilus. ; $c 28 cm. =650 ##$$a Atlas Tematik Sumatera Utara =700 ##$$a Sunardi =850 ##$$a NBPDMAT